000 00520nam a2200181Ia 4500
005 20250508160449.0
008 008 250505s9999 xx 000 0 eng d
037 _aBooks to be hide in OPAC
040 _aFEDL
_beng
_cFEDL
041 _aeng
_2eng
084 _a784.71954, PRA/O
_qFEDL
100 _aPrabhu R K Ed.
_9768559
245 0 _aIndian national songs
260 _aBombay, India
_bPopular Prakashan
_c1966
300 _a101p.
942 _cHB
_h784.71954, PRA/O
999 _c1364755
_d1364755